000 00625nam a2200193Ia 4500
003 GCL
008 140319s9999 xx 000 0 ara d
040 _aGCL /
_cGCL
082 0 4 _a157
_bش ع
100 1 _aشليون كاشران
245 1 0 _aعلم نفس الشواذ /
_cشليون كاشران
700 1 _aمحمد عثمان نجاتى (مراجع)
700 1 _aاحمد عبدالعزيز سلامة
260 _a[S.N] :
_bدار الشروق ،
_c1988
300 _a276 ص
490 _aمكتبة اصول علم النفس الحديث
_v0
650 0 4 _aعلم النفس المرضى
942 _2ddc
_cBK
999 _c45776
_d45776